<?xml version="1.0" encoding="UTF-8"?>
<marc:record xmlns:marc="http://www.loc.gov/MARC21/slim">
   <marc:leader>00000nam a2200000 a 4500</marc:leader>
   <marc:datafield ind1="1" ind2=" " tag="100">
      <marc:subfield code="a">Alexander, Jaimie</marc:subfield>
   </marc:datafield>
   <marc:datafield ind1="1" ind2=" " tag="100">
      <marc:subfield code="a">Hornsby, Russell</marc:subfield>
   </marc:datafield>
   <marc:datafield ind1="1" ind2=" " tag="100">
      <marc:subfield code="a">Embry, Ethan</marc:subfield>
   </marc:datafield>
   <marc:datafield ind1="1" ind2=" " tag="100">
      <marc:subfield code="a">Butler, Gerhard</marc:subfield>
   </marc:datafield>
   <marc:datafield ind1="1" ind2=" " tag="100">
      <marc:subfield code="a">Goodman, Brian</marc:subfield>
   </marc:datafield>
   <marc:datafield ind1="0" ind2="0" tag="245">
      <marc:subfield code="a">Chase</marc:subfield>
   </marc:datafield>
   <marc:datafield ind1="0" ind2="0" tag="245">
      <marc:subfield code="b">nichts hält ihn auf</marc:subfield>
   </marc:datafield>
   <marc:datafield ind1="0" ind2="0" tag="245">
      <marc:subfield code="c">Regisseur : Brian Goodman. Darsteller : Gerhard Butler ; Ethan Embry ; Russel Hornsby ; Jaimie Alexander</marc:subfield>
   </marc:datafield>
   <marc:datafield ind1=" " ind2="1" tag="264">
      <marc:subfield code="b">Leonine Distribution GmbH</marc:subfield>
      <marc:subfield code="c">2022</marc:subfield>
   </marc:datafield>
   <marc:datafield ind1="1" ind2=" " tag="520">
      <marc:subfield code="a">Will (Gerard Butler) und Lisa (Jaimie Alexander) sind auf dem Weg zu Lisas Eltern. Die beiden stecken in einer Ehekrise und Lisa will einige Zeit bei ihren Eltern verbringen, um einen klaren Kopf zu bekommen. Als sie an einer Tankstelle halten, verschwindet Lisa plötzlich spurlos. Will gerät in Panik und ruft die örtliche Polizei um Hilfe. Die Ermittlungen kommen erst langsam in Gang, da es keine Anzeichen für ein Verbrechen gibt. Als Sheriff Patterson Will verdächtigt, beschließt dieser, die Dinge selbst in die Hand zu nehmen. Er beschafft das Überwachungsvideo der Tankstelle, auf dem ein Mann zu sehen ist, der Lisa anspricht. Will beginnt eine verzweifelte Jagd nach Lisas Entführer, während ihm die Polizei dicht auf den Fersen ist.</marc:subfield>
   </marc:datafield>
   <marc:datafield ind1="3" ind2=" " tag="024">
      <marc:subfield code="a">4061229297202</marc:subfield>
   </marc:datafield>
   <marc:datafield ind1=" " ind2=" " tag="500">
      <marc:subfield code="a">Deutsch, Englisch. FSK ab 16 Jahren</marc:subfield>
   </marc:datafield>
   <marc:datafield ind1="0" ind2=" " tag="490">
      <marc:subfield code="v">0</marc:subfield>
   </marc:datafield>
   <marc:datafield ind1=" " ind2=" " tag="300">
      <marc:subfield code="a">1 DVD</marc:subfield>
   </marc:datafield>
</marc:record>
